| LEADER |
00820nam0a2200205 450 |
| 001 |
16826626 |
| 010 |
|
|
|a 978-2-09-257464-5
|b rel.
|d 17,95
|
| 100 |
|
|
|a 20170121d2017 u u0frey01 ba
|
| 101 |
1 |
|
|a fre
|c
|
| 102 |
|
|
|a FR
|
| 200 |
0 |
|
|a Marquer les ombres
|
| 207 |
|
1 |
|a
|
| 210 |
|
|
|a Paris
|c Nathan Jeunesse
|d 2017
|
| 330 |
|
|
|a Une galaxie où certains êtres possèdent un « don », un pouvoir unique.
Akos et Cyra sont de ceux-là.
Ils appartiennent à deux nations ennemies, mais ils ont chacun besoin du don de l'autre.
Vont-ils s'allier ou se détruire '
|
| 608 |
|
|
|a JnRoman
|
| 700 |
|
0 |
|a Roth
|b Veronica
|f 1988-....
|4 70
|
| 702 |
|
0 |
|a Delcourt
|b Anne
|4 70
|
| 900 |
|
|
|a Roman Jeunesse
|
| 901 |
|
|
|a Accessible au prêt
|
| 995 |
|
|
|a Bibliothèque
|c Bibliothèque
|f 024017615
|h 024017615
|k J ROT
|o p
|q j
|r az
|e Bibliothèque
|